|
|
|
|
| LEADER |
00000nab a2200000ua 4500 |
| 001 |
vtls010828577 |
| 003 |
SK-MaSNL |
| 005 |
20260304013251.0 |
| 008 |
230222s2006 xo |||||||||||||||||eng| |
| 035 |
|
|
|a (urnnbn)urn:nbn:sk:snk:ar-a06epi
|
| 035 |
|
|
|a urn:nbn:sk:snk-ab5u4t
|
| 035 |
|
|
|a (uuid)a0b6b543-b232-44da-90e8-d8ead968a087
|
| 040 |
|
|
|a SNKBUCL
|b slo
|c SNKBUCL
|e AACR2
|
| 041 |
0 |
|
|a eng
|
| 044 |
|
|
|a xo
|c SK
|
| 100 |
1 |
|
|a Zadnik, V.
|4 aut
|9 1294024
|
| 245 |
1 |
0 |
|a Analysis of the relationship between socioeconomic factors and stomach cancer incidence in Slovenia
|c V. Zadnik, B. J. Reich
|
| 700 |
1 |
|
|a Reich, B. J.
|4 aut
|9 1294025
|
| 773 |
0 |
|
|t Neoplasma : journal of experimental and clinical oncology
|g Roč. 53, č. 2 (2006), s. 103-110
|
| 958 |
|
|
|a OND
|
| 958 |
|
|
|a EUIPO
|
| 958 |
|
|
|a article5
|
| 999 |
|
|
|c 2575130
|d 2577060
|